Estudo anatômico do trajeto do canal mandibular em felinos (Felis catus domesticus) (Registro n. 329405)
[ somente texto ]
| 000 -LÍDER | |
|---|---|
| fixed length control field | 03739nab a2200325 i 4500 |
| 003 - CÓDIGO MARC DA AGÊNCIA CATALOGADORA | |
| Campo de controle | BR-BrBNA |
| 005 - DATA E HORA DA ÚLTIMA ATUALIZAÇÃO | |
| Campo de controle | 20241223094704.0 |
| 008 - CAMPO DE TAMANHO FIXO | |
| fixed length control field | 241223b2015 bl.|r|pooa||| 00| 0 por | |
| 040 ## - FONTE DA CATALOGAÇÃO | |
| Agência catalogadora | BR-BrBNA |
| Idioma da catalogação | por |
| 072 ## - CATEGORIA AGRIS | |
| Código AGRIS | L70 |
| Código do objeto | 5500 |
| 100 ## - ENTRADA PRINCIPAL - NOME PESSOAL | |
| Nome pessoal | Cotrim, S.C. |
| 100 ## - ENTRADA PRINCIPAL - NOME PESSOAL | |
| Nome pessoal | Nardotto, J.R.B. |
| 100 ## - ENTRADA PRINCIPAL - NOME PESSOAL | |
| Nome pessoal | Abreu, L.G. |
| 100 ## - ENTRADA PRINCIPAL - NOME PESSOAL | |
| Nome pessoal | Silva, A.R.L. |
| 100 ## - ENTRADA PRINCIPAL - NOME PESSOAL | |
| Nome pessoal | Galera, P.D. |
| 100 ## - ENTRADA PRINCIPAL - NOME PESSOAL | |
| Nome pessoal | Santana, M.I.S. |
| 245 ## - TÍTULO PRINCIPAL | |
| Título principal | Estudo anatômico do trajeto do canal mandibular em felinos (Felis catus domesticus) |
| 500 ## - NOTA GERAL | |
| Nota geral | <br/>Publicação online; 23 ref.; 4 illus.; Summaries (En, Pt) |
| 942 ## - ADDED ENTRY ELEMENTS (KOHA) | |
| Koha item type | Analítica |
| 520 ## - NOTA DE RESUMO | |
| Nota de conteúdo | <br/><br/><br/>RESUMO - Objetivou-se descrever, por meio de tomografia computadorizada, o trajeto do canal mandibular (CM) em 20 gatos sem raça definida, com ausência de alterações na cavidade oral, provenientes do Centro de Controle de Zoonoses do Distrito Federal. Foram realizados cortes tomográficos com 2mm de espessura, acompanhando todo o trajeto do CM, tendo como referência a região do forame mandibular, as raízes distais e mesiais dos dentes pré-molares e molares e o forame mentoniano, obtendo-se medidas desde o CM até as faces vestibular, lingual, ventral e alveolar (profundidade) do corpo da mandíbula, bem como seu diâmetro. Pôde constatar que o CM manteve-se no aspecto lingual do corpo da mandíbula desde o forame mandibular até a raiz mesial do 1º pré-molar, onde se deslocou para a face vestibular, emergindo no forame mentoniano. Com relação à profundidade, seu trajeto sofreu declive a partir do forame mandibular até a região da raiz mesial do 1º molar, onde alcançou seu ponto mais profundo para prosseguir em suave ascensão até o forame mentoniano. Os dados apresentados contribuem para o estudo anatômico da mandíbula de gatos, bem como auxiliam no melhor<br/>planejamento e execução de procedimentos cirúrgicos na mandíbula dessa espécie.<br/><br/><br/>Palavras-chave: tomografia, canal mandibular, gatos |
| 520 ## - NOTA DE RESUMO | |
| Nota de conteúdo | <br/><br/><br/>ABSTRACT - This study aimed to describe the path of the mandibular canal (MC), using computerized tomography, in twenty mongrel cats, with no changes in the oral cavity, from the Zoonosis Control Center of the Federal District. 2mm thick tomographic sections were taken following the entire path of the mandibular canal, considering as reference the region of the mandibular foramen, the distal and mesial roots of premolar and molar teeth, and mental foramen, obtaining measurements from the MC until the buccal, lingual, ventral and alveolar (depth) surfaces of the mandibular body as well as its diameter. MC remained on the lingual aspect of the mandibular body from the mandibular foramen to the mesial root of the first premolar, where it displaced to the buccal surface, emerging from the mental foramen. Regarding the depth, we observed a downward path from the mandibular foramen to the mesial root of the first premolar, where it reached its deepest point, the path continued in gentle ascent until to the mental foramen. Our data contribute to the anatomical study of the feline jaw and allow a better planning and execution of surgical procedures in the mandible of this species.<br/><br/><br/>Keywords: tomography, mandibular canal, cats |
| 650 ## - ASSUNTO - THESAGRO | |
| Cabeçalho tópico ou nome geográfico | GATO |
| 650 ## - ASSUNTO - THESAGRO | |
| Cabeçalho tópico ou nome geográfico | TOMOGRAFIA |
| 650 ## - ASSUNTO - THESAGRO | |
| Cabeçalho tópico ou nome geográfico | MANDÍBULA |
| 650 ## - ASSUNTO - THESAGRO | |
| Cabeçalho tópico ou nome geográfico | ANATOMIA ANIMAL |
| 650 ## - ASSUNTO - THESAGRO | |
| Cabeçalho tópico ou nome geográfico | VETERINÁRIA |
| 773 0# - ENTRADA ANALÍTICA | |
| Host Biblionumber | 1643 |
| Registro do item | 315898 |
| Imprenta | Belo Horizonte-MG Universidade Federal de Minas Gerais - Escola de Veterinaria 1983 |
| Outro identificador | 2024-2263 |
| Título | Arquivo Brasileiro de Medicina Veterinária e Zootecnia (Brazil) |
| ISSN | 0102-0935 |
| Colação | v. 67(6) p. 1581-1588; (2015) |
| Número de controle de registro | BR2024004237 |
| 856 ## - ACESSO E ENDEREÇO ELETRÔNICO | |
| Identificador uniforme de recurso - URI | https://www.scielo.br/j/abmvz/a/3HQ9cWKtpFTRf5c7WfrPbqN/?format=pdf&lang=pt |
Nenhum exemplar disponível.

BINAGRI